00959naa#a2200181#i#4500001001600000005001700016011001400033100004100047102000700088200022000095210020500315215001000520608004500530675007200575700005200647700004800699856003000747RU\\bibl\12338720260705185532.7##a1994-4683##a20230731b2023####ek#y0rusy0150####ca##aRU1#aОЦЕНКА ЭФФЕКТИВНОСТИ КОМПЛЕКСОВ УПРАЖНЕНИЙ ПО РАЗВИТИЮ СКОРОСТНО-СИЛОВЫХ СПОСОБНОСТЕЙ У ПЛОВЦОВeЖурнальная статья1#aМоскваcНациональный государственный Университет физической культуры, спорта и здоровья им. П.Ф. Лесгафтаd2023##a6 с.##aЖурнальная статья2local##aВольный стиль. Кроль, например,. 797.212.4#1aИвченкоgЕлена Викторовна#1aФедоровgПавел Олегович4#auchzapiski.lesgaft.spb.ru